Verbos irregulares en inglés (PAST PARTICIPLE)) - Estadísticas

Estadísticas generales
  • Esta prueba ha sido intentada 41 veces
  • La puntuación promedio es 53 de 143
Estadísticas de respuestas
Irregular verbs Meaning PAST PARTICIPLE % Correcto
BEGIN COMENZAR/EMPEZAR BEGUN
90%
BE SER/ESTAR BEEN
86%
BREAK QUEBRAR/ROMPER BROKEN
86%
EAT COMER EATEN
86%
BECOME LLEGAR a SER/PONERSE/VOLVERSE BECOME
81%
COST COSTAR COST
81%
CUT CORTAR/RECORTAR CUT
81%
DRIVE MANEJAR/CONDUCIR DRIVEN
81%
BUILD CONSTRUIR/FUNDAR/EDIFICAR BUILT
76%
CHOOSE ESCOGER/ELEGIR/OPTAR CHOSEN
76%
COME VENIR COME
76%
DO HACER DONE
76%
DRINK BEBER/TOMAR DRUNK
76%
BITE MORDER/PICAR BITTEN
71%
DRAW DIBUJAR/TRAZAR DRAWN
71%
FALL CAER FALLEN
71%
FORGIVE PERDONAR FORGIVEN
71%
FORGET OLVIDAR FORGOTTEN
71%
RUN CORRER RUN
71%
SEE VER SEEN
71%
BUY COMPRAR/ADQUIRIR BOUGHT
67%
FIND ENCONTRAR/HALLAR FOUND
67%
GO IR GONE
67%
LOSE PERDER LOST
67%
MAKE HACER/FABRICAR MADE
67%
PUT PONER/COLOCAR PUT
67%
RID DESHACERSE RID
67%
BET APOSTAR BET
62%
BRING TRAER/LLEVAR BROUGHT
62%
FIGHT PELEAR/LUCHAR FOUGHT
62%
GIVE DAR/REGALAR GIVEN
62%
MEET CONOCER/ENCONTRAR MET
62%
BEAT VENCER/BATIR BEATEN
57%
BEND DOBLAR/ENCORVAR BENT
57%
BLOW SOPLAR BLOWN
57%
CATCH COGER/TOMAR/AGARRAR CAUGHT
57%
FEEL SENTIR FELT
57%
FLY VOLAR/HUIR FLOWN
57%
HAVE HABER/TENER HAD
57%
HIT GOLPEAR/PEGAR HIT
57%
KNOW SABER/CONOCER KNOWN
57%
LEAVE SALIR/ABANDONAR LEFT
57%
AWAKE DESPERTARSE AWOKE
52%
BID MANDAR/ORDENAR BID
52%
HURT HERIR/LASTIMAR HURT
52%
PAY PAGAR PAID
52%
READ LEER READ
52%
SAY DECIR SAID
52%
FORBID PROHIBIR/PRIVAR FORBIDDEN
48%
GET CONSEGUIR/OBTENER GOTTEN
48%
GROW CRECER/BROTAR GROWN
48%
KEEP GUARDAR/MANTENER KEPT
48%
CAST MOLDEAR/REPARTIR/ECHAR/TIRAR CAST
43%
FREEZE CONGELAR/HELAR FROZEN
43%
HEAR OIR HEARD
43%
HIDE OCULTAR/ESCONDER HIDDEN
43%
LET DEJAR/PERMITIR LET
43%
SET ESTABLECER/PONER/FIJAR SET
43%
BEFALL SUCEDER/ACONTECER/OCURRIR BEFALLEN
38%
BEHOLD CONTEMPLAR/MIRAR BEHELD
38%
BURST ESTALLAR/REVENTAR BURST
38%
HOLD SOSTENER/RETENER HELD
38%
QUIT DEJAR/ABANDONAR QUIT
38%
ABIDE HABITAR/TOLERAR ABODE
33%
BROADCAST DIFUNDIR/EMITIR BROADCAST
33%
CLING AGARRAR/AFERRARSE/ADHERIRSE CLUNG
33%
DIG CAVAR/EXCAVAR DUG
33%
FORECAST PRONOSTICAR FORECAST
33%
LAY PONER/COLOCAR/ECHAR LAID
33%
LEND PRESTAR LENT
33%
MEAN SIGNIFICAR/QUERER DECIR MEANT
33%
MISTAKE ERRAR/EQUIVOCARSE MISTAKEN
33%
OVERCOME VENCER/SUPERAR/TRIUNFAR OVERCOME
33%
RIDE CABALGAR/MONTAR RIDDEN
33%
RISE SUBIR/ASCENDER RISEN
33%
RING SONAR/TIMBRAR RUNG
33%
SHAKE SACUDIR/MENEAR SHAKEN
33%
SELL VENDER SOLD
33%
SPEAK HABLAR SPOKEN
33%
ARISE SURGIR/LEVANTARSE ARISEN
29%
BEAR SOPORTAR/AGUANTAR BORN
29%
BIND UNIR/LIGAR/ATAR/AMARRAR BOUND
29%
FORSAKE ABANDONAR/DEJAR FORSAKEN
29%
HANG COLGAR/SUSPENDER HUNG
29%
SHOOT TIRAR/DISPARAR SHOT
29%
SHOW MOSTRAR/ENSEÑAR SHOWN
29%
STEAL ROBAR/HURTAR STOLEN
29%
DWELL RESIDIR/MORAR/HABITAR DWELT
24%
FLING ARROJAR/LANZAR/TIRAR FLUNG
24%
HAND IN ENTREGAR/PRESENTAR HANDED IN
24%
LIGHT ENCENDER/PRENDER LIT
24%
SEND ENVIAR/MANDAR SENT
24%
SHINE BRILLAR/ALUMBRAR SHONE
24%
SING CANTAR SUNG
24%
SINK SUMERGIR/HUNDIR SUNK
24%
TAKE TOMAR/AGARRAR/COGER TAKEN
24%
WIN GANAR WON
24%
CREEP ARRASTRARSE/DESLIZARSE/GATEAR CREPT
19%
DEAL NEGOCIAR/COMERCIAR DEALT
19%
GRIND MOLER/TRITURAR GROUND
19%
HAND OUT DAR/DISTRIBUIR HANDED OUT
19%
SIGN FIRMAR SIGNED
19%
SLEEP DORMIR SLEPT
19%
SLIDE RESBALAR SLID
19%
SPEND GASTAR/PASAR el TIEMPO SPENT
19%
SPLIT DIVIDIRSE/PARTIR SPLIT
19%
SPRING SALTAR/BROTAR SPRUNG
19%
UNDERSTAND ENTENDER/COMPRENDER UNDERSTOOD
19%
WAKE DESPERTARSE WOKEN
19%
WRITE ESCRIBIR/REDACTAR WRITTEN
19%
SIT SENTARSE SAT
14%
SHRINK ESCOGER/CONTRAER SHRUNK
14%
SHUT CERRAR/CALLAR SHUT
14%
SEEK BUSCAR/SOLICITAR SOUGHT
14%
SPIT ESCUPIR SPIT
14%
SPREAD DIFUNDIR/PROPAGAR SPREAD
14%
STAND PARARSE STOOD
14%
STING PICAR/GOLPEAR STUNG
14%
SWIM NADAR SWUM
14%
THINK PENSAR/CREER THOUGHT
14%
SPIN HACER GIRAR SPUN
10%
STINK APESTAR STUNK
10%
SWEEP BARRER SWEPT
10%
TEACH ENSEÑAR TAUGHT
10%
THRUST CLAVAR/EMPUJAR THRUST
10%
TELL DECIR/CONTAR TOLD
10%
LIE MENTIR LAIN
5%
STRIVE ESFORZARSE STRIVEN
5%
STRIKE GOLPEAR/PEGAR STRUCK
5%
STRING ATAR STRUNG
5%
STICK PEGAR/ADHERIR STUCK
5%
SWEAR JURAR SWORN
5%
SWING BALANCERASE/GIRAR/COLUMPIARSE SWUNG
5%
TEAR RASGAR/DESGARRAR/ARRANCAR TORN
5%
UPSET ALTERAR/PERTURBAR UPSET
5%
WITHDRAW QUITAR/APARTAR/RETIRAR WITHDRAWN
5%
THROW LANZAR/ARROJAR THWORN
0%
UNDERSTAKE ENCARGARSE/EMPRENDER UNDERTAKEN
0%
WEEP LAMENTARSE/LLORAR WEPT
0%
WEAR USAR/LLEVAR PUESTO WORN
0%
WIND DEJAR sin ALIENTO WOUND
0%
WEAVE TEJER WOVEN
0%
WRING ESCURRIR/RETORCER WRUNG
0%
No se encontraron pruebas coincidentes
Distribución de puntuación
Porcentaje de gente con cada puntuación
Porcentaje por número respondido
Historial de tus puntuaciones
No has intentado esta prueba.